[Event "IECG QB.2008.0.00094 email"]
[Site "IECG email"]
[Date "2008.10.26"]
[Round "?"]
[White "Udot, Oleg"]
[Black "Montalvo Torres, Juan"]
[Result "0-1"]
[WhiteElo "1920"]
[BlackElo "1999"]
[PlyCount "50"]
[EventDate "2008.10.20"]
[EventType "tourn (corr)"]
[EventRounds "6"]
[SourceTitle "Corr 2024"]
[Source "ChessBase"]
[SourceDate "2023.10.19"]
[SourceVersion "1"]
[SourceVersionDate "2023.10.19"]
[SourceQuality "1"]

1. d4 d5 2. c4 c6 3. Nf3 Nf6 4. e3 e6 5. Bd3 Nbd7 6. 0-0 dxc4 7. Bxc4 a6 8. a4 c5 9. Nc3 Qc7 10. b3 Bd6 11. Bb2 0-0 12. dxc5 Nxc5 13. a5 Rb8 14. Qc2 b5 15. axb6 Rxb6 16. Na4 Nxa4 17. Bxf6 gxf6 18. Rxa4 Bb7 19. Kh1 Qc5 20. Qe2 Qh5 21. e4 Bf4 22. h3 Rd8 23. Kg1 a5 24. Re1 Bc6 25. Qb2 Bxa4 0-1

[Event "IECG CB.2008.0.00185 email"]
[Site "IECG email"]
[Date "2008.09.15"]
[Round "?"]
[White "Cuomo, Salvatore"]
[Black "Udot, Oleg"]
[Result "1-0"]
[WhiteElo "1863"]
[BlackElo "1920"]
[PlyCount "129"]
[EventDate "2008.09.15"]
[EventType "tourn (corr)"]
[EventRounds "6"]
[SourceTitle "Corr 2024"]
[Source "ChessBase"]
[SourceDate "2023.10.19"]
[SourceVersion "1"]
[SourceVersionDate "2023.10.19"]
[SourceQuality "1"]

1. e4 c6 2. d4 d5 3. f3 e6 4. Nc3 Bb4 5. Bf4 Ne7 6. Qd3 Ng6 7. Nge2 Nxf4 8. Nxf4 0-0 9. 0-0-0 Nd7 10. a3 Ba5 11. Qe3 Re8 12. Kb1 e5 13. dxe5 Nxe5 14. h4 Bb6 15. Qc1 Nd7 16. g4 d4 17. Nce2 Ne5 18. Bg2 Nc4 19. Rd3 c5 20. Nd5 Bd7 21. Nef4 Bc6 22. c3 Ne5 23. Rd2 Rc8 24. g5 Qd6 25. Qc2 Bb5 26. Qb3 Bc4 27. Qa4 Rcd8 28. cxd4 cxd4 29. Rc1 Bxd5 30. Nxd5 Ng6 31. Nxb6 Qxb6 32. h5 Nf4 33. Bf1 Rf8 34. Rcd1 Ne6 35. h6 g6 36. Bc4 Nxg5 37. Rd3 Qc6 38. Qb4 Ne6 39. Bxe6 fxe6 40. Rxd4 Rxd4 41. Qxd4 Qc7 42. Rc1 Qe7 43. Qxa7 Rxf3 44. Qb8+ Rf8 45. Rc7 Rxb8 46. Rxe7 b6 47. Kc2 e5 48. Kd3 Rd8+ 49. Ke3 Rd1 50. Rg7+ Kh8 51. Rb7 Kg8 52. Rxb6 Rh1 53. Rb8+ Kf7 54. Rb7+ Kg8 55. a4 Rxh6 56. a5 g5 57. Re7 Rc6 58. Rxe5 h6 59. Re8+ Kf7 60. Ra8 Rc1 61. a6 Re1+ 62. Kd4 Ra1 63. a7 Kg7 64. e5 h5 65. e6 1-0

[Event "IECG CB.2008.0.00185 email"]
[Site "IECG email"]
[Date "2008.09.15"]
[Round "?"]
[White "Udot, Oleg"]
[Black "Laczay, Istvan"]
[Result "1/2-1/2"]
[WhiteElo "1920"]
[BlackElo "1916"]
[PlyCount "76"]
[EventDate "2008.09.15"]
[EventType "tourn (corr)"]
[EventRounds "6"]
[SourceTitle "Corr 2024"]
[Source "ChessBase"]
[SourceDate "2023.10.19"]
[SourceVersion "1"]
[SourceVersionDate "2023.10.19"]
[SourceQuality "1"]

1. d4 Nf6 2. c4 g6 3. Nc3 d5 4. cxd5 Nxd5 5. e4 Nxc3 6. bxc3 Bg7 7. Bc4 c5 8. Ne2 cxd4 9. cxd4 Nc6 10. Be3 0-0 11. 0-0 Bg4 12. f3 Na5 13. Bd3 Be6 14. Rc1 Bxa2 15. Qa4 Bb3 16. Qb4 b6 17. Rc3 Be6 18. Bg5 Re8 19. e5 f6 20. Bf4 Rc8 21. Rxc8 Bxc8 22. exf6 exf6 23. Rc1 Bf8 24. Qb2 Bb7 25. Bb5 Re7 26. Bd3 Kh8 27. Kf1 Qd7 28. Bd2 Qa4 29. Rc3 Bd5 30. Bb5 Qd1+ 31. Be1 Nb3 32. Rc8 Kg7 33. Kf2 a5 34. Bc3 Ra7 35. Rxf8 Kxf8 36. Qa3+ Kg7 37. Qd6 Qc2 38. Qxd5 Re7 1/2-1/2

[Event "IECG CB.2008.0.00185 email"]
[Site "IECG email"]
[Date "2008.09.15"]
[Round "?"]
[White "Zuppa, Tom"]
[Black "Udot, Oleg"]
[Result "1/2-1/2"]
[WhiteElo "1992"]
[BlackElo "1920"]
[PlyCount "74"]
[EventDate "2008.09.15"]
[EventType "tourn (corr)"]
[EventRounds "6"]
[SourceTitle "Corr 2024"]
[Source "ChessBase"]
[SourceDate "2023.10.19"]
[SourceVersion "1"]
[SourceVersionDate "2023.10.19"]
[SourceQuality "1"]

1. d4 Nf6 2. Bg5 e6 3. e4 h6 4. Bxf6 Qxf6 5. Nc3 d6 6. Qd2 g5 7. g3 Nc6 8. Nb5 Qe7 9. Bg2 a6 10. Na3 d5 11. Ne2 dxe4 12. Bxe4 Bd7 13. 0-0-0 f5 14. Bg2 Bg7 15. f4 0-0-0 16. Kb1 Nb4 17. Rhe1 Kb8 18. c3 Nd5 19. c4 Nb6 20. c5 Nd5 21. Nc3 Bc6 22. Nxd5 Bxd5 23. Nc2 Bxg2 24. Qxg2 Rhe8 25. c6 Qd6 26. cxb7 c5 27. d5 Qb6 28. Ne3 exd5 29. Nxf5 Rxe1 30. Rxe1 Qg6 31. Qc2 Bf8 32. Ne7 Qxc2+ 33. Kxc2 Bxe7 34. Rxe7 gxf4 35. gxf4 Rf8 36. Re5 Rxf4 37. Rxd5 Rh4 1/2-1/2

[Event "IECG CB.2008.0.00184 email"]
[Site "IECG email"]
[Date "2008.08.03"]
[Round "?"]
[White "Costa, Fabrizio"]
[Black "Udot, Oleg"]
[Result "1/2-1/2"]
[WhiteElo "1895"]
[BlackElo "1920"]
[PlyCount "91"]
[EventDate "2008.08.03"]
[EventType "tourn (corr)"]
[EventRounds "6"]
[SourceTitle "Corr 2024"]
[Source "ChessBase"]
[SourceDate "2023.10.19"]
[SourceVersion "1"]
[SourceVersionDate "2023.10.19"]
[SourceQuality "1"]

1. d4 Nf6 2. c4 e6 3. Nc3 c5 4. d5 exd5 5. cxd5 d6 6. e4 g6 7. Nf3 a6 8. a4 Bg4 9. Be2 Bg7 10. 0-0 0-0 11. Nd2 Bxe2 12. Qxe2 Nbd7 13. Nc4 Nb6 14. Ne3 a5 15. f3 Qe7 16. Qc2 Rfe8 17. Nb5 Rec8 18. Bd2 Nfd7 19. Ng4 h5 20. Nh6+ Kf8 21. Bf4 Be5 22. Bxe5 dxe5 23. f4 exf4 24. Rxf4 f6 25. Raf1 Kg7 26. Qd2 Nc4 27. Qc1 Nce5 28. Rh4 Qf8 29. Qe3 Ra6 30. Nf5+ gxf5 31. Rxh5 Kg8 32. Rfxf5 Qg7 33. Rh3 Kf7 34. Rfh5 Nf8 35. Qb3 Qg4 36. Nc3 Rb8 37. Qb5 Qf4 38. Rf5 Qc1+ 39. Rf1 Qg5 40. Qxc5 Nfd7 41. Qf2 Rc8 42. Rg3 Qh5 43. Rh3 Qg5 44. Qc2 Rb6 45. Rf5 Qg4 46. Rg3 1/2-1/2

[Event "IECG WC.2011.P.00002 email"]
[Site "IECG email"]
[Date "2007.04.04"]
[Round "?"]
[White "Laghetti, Gaetano"]
[Black "Udot, Oleg"]
[Result "1/2-1/2"]
[WhiteElo "2308"]
[BlackElo "1902"]
[PlyCount "68"]
[EventDate "2007.04.04"]
[EventType "tourn (corr)"]
[EventRounds "6"]
[SourceTitle "Corr 2011"]
[Source "ChessBase"]
[SourceDate "2010.08.31"]
[SourceVersion "1"]
[SourceVersionDate "2010.08.31"]
[SourceQuality "1"]

1. d4 Nf6 2. c4 e6 3. Nc3 Bb4 4. Qc2 0-0 5. a3 Bxc3+ 6. Qxc3 b6 7. Bg5 Bb7 8. f3 h6 9. Bh4 d5 10. e3 Nc6 11. cxd5 Nxd5 12. Bxd8 Nxc3 13. Bh4 Nd5 14. Bf2 Rfd8 15. Rc1 Rac8 16. Bd3 Nce7 17. Ne2 c5 18. e4 Nc7 19. Rc3 cxd4 20. Bxd4 Nc6 21. Be3 Ne5 22. Bb1 Ba6 23. Kf2 Nc4 24. Rc2 e5 25. Rhc1 Ne8 26. Nc3 Nxe3 27. Kxe3 Rd3+ 28. Kf2 Rd4 29. Nd5 Rxc2+ 30. Rxc2 g6 31. Ke1 Bb7 32. Ba2 Kf8 33. Ne3 Nf6 34. Bc4 a6 1/2-1/2

[Event "IECG WC.2011.P.00002 email"]
[Site "IECG email"]
[Date "2007.04.04"]
[Round "1"]
[White "Udot, Oleg"]
[Black "Mueller, Achim"]
[Result "0-1"]
[WhiteElo "1902"]
[BlackElo "1880"]
[PlyCount "170"]
[EventDate "2007.04.04"]
[EventType "tourn (corr)"]
[EventRounds "6"]
[SourceTitle "Corr 2024"]
[Source "ChessBase"]
[SourceDate "2023.10.19"]
[SourceVersion "1"]
[SourceVersionDate "2023.10.19"]
[SourceQuality "1"]

1. d4 Nf6 2. c4 e5 3. dxe5 Ng4 4. Bf4 Bb4+ 5. Nc3 Bxc3+ 6. bxc3 Nc6 7. Nf3 Qe7 8. Qd5 f6 9. exf6 Nxf6 10. Qd3 d6 11. g3 0-0 12. Bg2 Bg4 13. Rb1 Na5 14. 0-0 Rae8 15. Rfe1 b6 16. Nd4 Qf7 17. Bg5 Kh8 18. Bxf6 Qxf6 19. f4 Qf7 20. Bd5 Qd7 21. e3 Rf6 22. Bg2 Qf7 23. h3 Bd7 24. Bd5 Qh5 25. Kf2 c6 26. Bf3 Qf7 27. g4 Rh6 28. Kg3 Nxc4 29. Nxc6 Qf6 30. Qxc4 Qh4+ 31. Kg2 Qxh3+ 32. Kf2 d5 33. Qd4 Qh2+ 34. Bg2 Qh4+ 35. Kf1 Rxc6 36. Qxd5 Qxg4 37. Red1 Rc7 38. Qd6 Rec8 39. Qd2 Be6 40. Rbc1 Re8 41. Kf2 g5 42. Qd4+ Rg7 43. f5 Qxf5+ 44. Kg1 Kg8 45. Rf1 Qc5 46. Qxc5 bxc5 47. c4 Rd8 48. Rf6 Re7 49. Rxe6 Rxe6 50. Bd5 Kf7 51. Rf1+ Ke7 52. Bxe6 Kxe6 53. e4 Ke5 54. Rf5+ Kxe4 55. Rxc5 Kf4 56. Ra5 Rd1+ 57. Kg2 Rd2+ 58. Kg1 h5 59. Rxa7 Rc2 60. Ra4 g4 61. c5+ Kg5 62. Ra5 Kh4 63. c6 Rxc6 64. Kg2 Rc2+ 65. Kg1 Kh3 66. Rxh5+ Kg3 67. Kf1 Rxa2 68. Rg5 Ra1+ 69. Ke2 Rg1 70. Kd2 Kf3 71. Rf5+ Kg2 72. Rg5 g3 73. Ke2 Rb1 74. Ke3 Kh2 75. Rh5+ Kg1 76. Ke2 g2 77. Rh6 Rb5 78. Rh7 Re5+ 79. Kd3 Kf2 80. Rf7+ Kg3 81. Rc7 Kf3 82. Rc1 Rg5 83. Rg1 Kf2 84. Rb1 g1Q 85. Rxg1 Rxg1 0-1

[Event "IECG TE.2004.S.01602"]
[Site "IECG email"]
[Date "2005.11.27"]
[Round "?"]
[White "Korchut, Adam"]
[Black "Udot, Oleg"]
[Result "1-0"]
[WhiteElo "2075"]
[BlackElo "1908"]
[PlyCount "47"]
[EventDate "2005.11.27"]
[EventType "tourn (corr)"]
[EventRounds "8"]
[SourceTitle "Corr 2008"]
[Source "ChessBase"]
[SourceDate "2008.06.24"]
[SourceVersion "1"]
[SourceVersionDate "2008.06.24"]
[SourceQuality "1"]

1. e4 c6 2. d4 d5 3. e5 Bf5 4. Bd3 Bxd3 5. Qxd3 e6 6. Nf3 Ne7 7. 0-0 Nd7 8. Bg5 h6 9. Be3 Nf5 10. Nc3 c5 11. Nxd5 cxd4 12. Bxd4 Nxd4 13. Nxd4 exd5 14. e6 Nb6 15. Qb5+ Ke7 16. Rfe1 g6 17. a4 Rb8 18. a5 Nc4 19. b3 a6 20. Qb4+ Nd6 21. Rad1 Rc8 22. Nf3 Rxc2 23. Rxd5 Qc7 24. Red1 1-0

[Event "IECG TE.2004.S.01602"]
[Site "IECG email"]
[Date "2005.11.27"]
[Round "?"]
[White "Ottenweller, Wolfgang"]
[Black "Udot, Oleg"]
[Result "1-0"]
[WhiteElo "2003"]
[BlackElo "1908"]
[PlyCount "37"]
[EventDate "2005.11.27"]
[EventType "tourn (corr)"]
[EventRounds "8"]
[SourceTitle "Corr 2008"]
[Source "ChessBase"]
[SourceDate "2008.06.24"]
[SourceVersion "1"]
[SourceVersionDate "2008.06.24"]
[SourceQuality "1"]

1. e4 c6 2. d4 d5 3. e5 Bf5 4. h4 h6 5. g4 Bh7 6. e6 fxe6 7. Bd3 Nf6 8. Bxh7 Rxh7 9. Qd3 c5 10. Nh3 Nc6 11. Qg6+ Kd7 12. Nf4 cxd4 13. Nd3 Qe8 14. h5 Rh8 15. Nc5+ Kc8 16. Qxe8+ Nxe8 17. Nxe6 Nc7 18. Nf4 e5 19. Ng6 1-0

[Event "CFriend CP-2005-P-00049"]
[Site "Chessfriend.com"]
[Date "2005.10.01"]
[Round "1"]
[White "Feng, Jason"]
[Black "Udot, Oleg"]
[Result "0-1"]
[WhiteElo "1432"]
[BlackElo "1908"]
[PlyCount "132"]
[EventDate "2005.??.??"]
[EventType "tourn (corr)"]
[EventRounds "4"]
[SourceTitle "Corr 2024"]
[Source "ChessBase"]
[SourceDate "2023.10.19"]
[SourceVersion "1"]
[SourceVersionDate "2023.10.19"]
[SourceQuality "1"]

1. e4 c6 2. d4 d5 3. e5 Bf5 4. Bd3 Bxd3 5. Qxd3 e6 6. Nf3 Ne7 7. Nc3 Nd7 8. 0-0 Ng6 9. Ne2 Be7 10. Be3 0-0 11. Nf4 Nxf4 12. Bxf4 c5 13. c3 Rc8 14. Rfe1 Re8 15. b3 Nf8 16. dxc5 Ng6 17. Be3 Bxc5 18. Rac1 a6 19. Bd4 b5 20. Qe3 Qe7 21. Rc2 Rc6 22. Bxc5 Rxc5 23. Nd4 Rec8 24. Rec1 R5c7 25. f4 Qa3 26. b4 Ne7 27. Qd3 Rc4 28. f5 Nc6 29. Nxc6 R4xc6 30. f6 a5 31. Qg3 g6 32. Qe3 Kh8 33. Rb1 Rc4 34. Qa7 Kg8 35. Rb3 Qa4 36. Qxa5 Qxa5 37. bxa5 b4 38. Kf2 d4 39. Ke2 bxc3 40. Ra3 R4c5 41. Kd3 Rxe5 42. Kxd4 Rd5+ 43. Ke4 Rdc5 44. a6 h5 45. a7 Ra8 46. Raxc3 Rxc3 47. Rxc3 Rxa7 48. Rc2 Kh7 49. Kf4 Ra4+ 50. Ke5 g5 51. g3 Kg6 52. Rf2 h4 53. Kd6 hxg3 54. hxg3 Ra5 55. Kc6 g4 56. Kd7 Ra6 57. Rf4 e5 58. Rxg4+ Kxf6 59. a4 Kf5 60. Rb4 e4 61. Ke7 Ra7+ 62. Ke8 e3 63. g4+ Ke5 64. Rb1 Ke4 65. g5 e2 66. Ra1 Ke3 0-1

[Event "CFriend WC-2009-P-00007"]
[Site "Chessfriend.com"]
[Date "2005.02.28"]
[Round "1"]
[White "Engelhard, Christof"]
[Black "Udot, Oleg"]
[Result "1/2-1/2"]
[WhiteElo "1928"]
[BlackElo "1908"]
[PlyCount "100"]
[EventDate "2005.??.??"]
[EventType "tourn (corr)"]
[EventRounds "6"]
[SourceTitle "Corr 2008"]
[Source "ChessBase"]
[SourceDate "2008.06.24"]
[SourceVersion "1"]
[SourceVersionDate "2008.06.24"]
[SourceQuality "1"]

1. e4 c6 2. d4 d5 3. Nc3 dxe4 4. Nxe4 Nd7 5. Bd3 Ngf6 6. Ng5 e6 7. N1f3 h6 8. Nxe6 fxe6 9. Bg6+ Ke7 10. 0-0 Qc7 11. Re1 Kd8 12. c4 b5 13. cxb5 cxb5 14. Rxe6 Bd6 15. Bd2 Nb6 16. Re1 Qb7 17. Ne5 Be6 18. Qe2 b4 19. Bd3 Qd5 20. Bb5 Bd7 21. Bxd7 Nbxd7 22. Qa6 Rc8 23. a3 Re8 24. Bf4 Re7 25. axb4 Nb8 26. Qa4 Qxd4 27. Nf7+ Rxf7 28. Bxd6 Qxd6 29. Rad1 Qxd1 30. Rxd1+ Rd7 31. Re1 Rcc7 32. b5 Re7 33. Rd1+ Nbd7 34. Qa5 Kc8 35. h4 Re4 36. f3 Rec4 37. g4 Nb6 38. Rd6 h5 39. Qa6+ Kb8 40. Rxb6+ axb6 41. Qxb6+ Kc8 42. Qa6+ Kd7 43. b6 Rc1+ 44. Kf2 R7c2+ 45. Kg3 Rxb2 46. Qa4+ Ke6 47. b7 Rc3 48. Qa6+ Ke5 49. Qa5+ Nd5 50. Qa7 Rcb3 1/2-1/2

[Event "CFriend SI-2004-0-00028 email"]
[Site "Chessfriend.com"]
[Date "2004.12.15"]
[Round "1"]
[White "Udot, Oleg"]
[Black "Amann, Klaus"]
[Result "0-1"]
[WhiteElo "1908"]
[BlackElo "1879"]
[PlyCount "114"]
[EventDate "2004.??.??"]
[EventType "tourn (corr)"]
[EventRounds "6"]
[SourceTitle "Corr 2008"]
[Source "ChessBase"]
[SourceDate "2008.06.24"]
[SourceVersion "1"]
[SourceVersionDate "2008.06.24"]
[SourceQuality "1"]

1. d4 c5 2. d5 Nf6 3. Nf3 g6 4. Nc3 Bg7 5. e4 d6 6. Bb5+ Nbd7 7. a4 0-0 8. 0-0 a6 9. Be2 Ne8 10. Bg5 Nc7 11. a5 b5 12. axb6 Nxb6 13. Qd2 f5 14. exf5 Rxf5 15. Bd3 Rf7 16. Bh6 Bxc3 17. Qxc3 Ncxd5 18. Qb3 Qc7 19. c4 Nb4 20. Ng5 Bf5 21. Bb1 Rf6 22. Ne4 Rf7 23. Re1 Nc6 24. Ng5 Rf6 25. Bxf5 gxf5 26. Ne6 Qd7 27. Nf8 Raxf8 28. Bxf8 Nc8 29. Rxa6 Nd4 30. Qh3 Rxf8 31. Ra3 e5 32. Rea1 Kh8 33. Ra8 Rg8 34. Qh6 Qg7 35. Qxg7+ Kxg7 36. Rb8 Ne7 37. Rxg8+ Kxg8 38. Ra8+ Kf7 39. Rh8 Kf6 40. Rxh7 e4 41. Rh8 Nec6 42. Rf8+ Ke7 43. Rh8 Na5 44. h4 Nxc4 45. h5 Kf7 46. Rb8 f4 47. Rb7+ Kg8 48. b4 e3 49. fxe3 fxe3 50. bxc5 dxc5 51. Re7 Kf8 52. Re4 Ne2+ 53. Kh2 Nc3 54. Rxc4 e2 55. Rxc3 e1Q 56. Rf3+ Kg7 57. Ra3 c4 0-1

[Event "CFriend SI-2004-0-00028 email"]
[Site "Chessfriend.com"]
[Date "2004.12.15"]
[Round "1"]
[White "Udot, Oleg"]
[Black "Sherwood, Russell"]
[Result "1/2-1/2"]
[WhiteElo "1908"]
[BlackElo "1748"]
[PlyCount "71"]
[EventDate "2004.??.??"]
[EventType "tourn (corr)"]
[EventRounds "6"]
[SourceTitle "Corr 2008"]
[Source "ChessBase"]
[SourceDate "2008.06.24"]
[SourceVersion "1"]
[SourceVersionDate "2008.06.24"]
[SourceQuality "1"]

1. d4 d5 2. c4 dxc4 3. Nf3 Nf6 4. e3 c5 5. Bxc4 e6 6. 0-0 a6 7. Bb3 Nc6 8. Nc3 cxd4 9. exd4 Be7 10. Bf4 0-0 11. Re1 Na5 12. Bc2 b5 13. Ne5 Bb7 14. Qd3 g6 15. Bh6 Re8 16. Rad1 Rc8 17. Qg3 Nh5 18. Qh3 Bf8 19. Bxf8 Rxf8 20. Be4 Bxe4 21. Nxe4 Nc4 22. Qb3 Qa5 23. Nxc4 Rxc4 24. Qe3 Qd8 25. Rd2 Nf6 26. Nc5 Qa5 27. Qe2 Rc8 28. a3 Rc6 29. b3 Rc3 30. a4 Qd8 31. axb5 axb5 32. Red1 b4 33. h3 Qb8 34. Ra2 Kg7 35. Raa1 Nd5 36. g3 1/2-1/2

[Event "IECG CB.2004.0.00127 email"]
[Site "IECG email"]
[Date "2004.12.10"]
[Round "?"]
[White "Udot, Oleg"]
[Black "Pecotic, Kuzma"]
[Result "1/2-1/2"]
[WhiteElo "1832"]
[BlackElo "1957"]
[PlyCount "77"]
[EventDate "2004.12.10"]
[EventType "tourn (corr)"]
[EventRounds "6"]
[SourceTitle "Corr 2008"]
[Source "ChessBase"]
[SourceDate "2008.06.24"]
[SourceVersion "1"]
[SourceVersionDate "2008.06.24"]
[SourceQuality "1"]

1. d4 d5 2. c4 dxc4 3. Nf3 e6 4. e4 b5 5. a4 c6 6. Nc3 Bb4 7. Be2 Nf6 8. 0-0 Bxc3 9. bxc3 Nxe4 10. Qc2 Nf6 11. Bg5 0-0 12. Bxf6 Qxf6 13. axb5 Bb7 14. bxc6 Nxc6 15. Rfb1 Nd8 16. Ne5 Qg5 17. Bf1 Bd5 18. Rb5 Rc8 19. Rxa7 Nc6 20. Nxc6 Rxc6 21. g3 Rcc8 22. Bg2 Rb8 23. Rc5 Rfc8 24. Rxc8+ Rxc8 25. h4 Qg4 26. Ra5 Rd8 27. Rc5 h6 28. Kh2 g5 29. hxg5 hxg5 30. Kg1 Kg7 31. Qc1 Qf5 32. Rb5 Rh8 33. Qe3 g4 34. Bxd5 exd5 35. Kg2 Rh5 36. Qe2 Rh6 37. Qe5+ Rf6 38. Qxf5 Rxf5 39. f4 1/2-1/2

[Event "IECG CB.2004.0.00127 email"]
[Site "IECG email"]
[Date "2004.12.10"]
[Round "?"]
[White "Udot, Oleg"]
[Black "Westin, Ake"]
[Result "1/2-1/2"]
[WhiteElo "1832"]
[BlackElo "1983"]
[PlyCount "46"]
[EventDate "2004.12.10"]
[EventType "tourn (corr)"]
[EventRounds "6"]
[SourceTitle "Corr 2008"]
[Source "ChessBase"]
[SourceDate "2008.06.24"]
[SourceVersion "1"]
[SourceVersionDate "2008.06.24"]
[SourceQuality "1"]

1. d4 e6 2. c4 f5 3. Nc3 Nf6 4. e3 Bb4 5. Bd2 b6 6. Nf3 Bb7 7. Bd3 0-0 8. 0-0 Bxc3 9. Bxc3 Ne4 10. Rc1 d6 11. b4 Nxc3 12. Rxc3 Nd7 13. c5 dxc5 14. bxc5 Bd5 15. c6 Nf6 16. Qe2 Bxf3 17. Qxf3 Nd5 18. Rcc1 Qh4 19. Bc4 Rad8 20. Rfd1 Rf6 21. a3 Rh6 22. h3 Rd6 23. Ba2 g5 1/2-1/2

[Event "IECG QB.2004.0.00061"]
[Site "IECG email"]
[Date "2004.12.01"]
[Round "?"]
[White "Zaunerciks, Ilmars"]
[Black "Udot, Oleg"]
[Result "0-1"]
[WhiteElo "1815"]
[BlackElo "1832"]
[PlyCount "40"]
[EventDate "2004.12.01"]
[EventType "tourn (corr)"]
[EventRounds "6"]
[SourceTitle "Corr 2008"]
[Source "ChessBase"]
[SourceDate "2008.06.24"]
[SourceVersion "1"]
[SourceVersionDate "2008.06.24"]
[SourceQuality "1"]

1. e4 c6 2. d4 d5 3. e5 Bf5 4. Ne2 e6 5. Ng3 Bg6 6. h4 h5 7. Bd3 Bxd3 8. Qxd3 c5 9. dxc5 Nd7 10. Qb5 Bxc5 11. Bf4 Ne7 12. Nc3 Ng6 13. Bg5 Qc7 14. 0-0 Ngxe5 15. Bf4 Nf3+ 16. gxf3 Qxf4 17. Rad1 Qxg3+ 18. Kh1 Qh3+ 19. Kg1 Bd6 20. Rfe1 Bh2+ 0-1

[Event "IECG TE.2004.P.01606 email"]
[Site "IECG email"]
[Date "2004.09.22"]
[Round "?"]
[White "Tortosa, Horacio"]
[Black "Udot, Oleg"]
[Result "1/2-1/2"]
[WhiteElo "1804"]
[BlackElo "1796"]
[PlyCount "101"]
[EventDate "2004.09.22"]
[EventType "tourn (corr)"]
[EventRounds "8"]
[SourceTitle "Corr 2008"]
[Source "ChessBase"]
[SourceDate "2008.06.24"]
[SourceVersion "1"]
[SourceVersionDate "2008.06.24"]
[SourceQuality "1"]

1. e4 c6 2. d4 d5 3. e5 Bf5 4. Nf3 e6 5. Be2 c5 6. 0-0 Nc6 7. c3 Nge7 8. Be3 Ng6 9. Nbd2 Qb6 10. Qb3 Be7 11. Qxb6 axb6 12. Ne1 h5 13. a3 c4 14. h3 h4 15. Nef3 f6 16. exf6 gxf6 17. Nh2 Kf7 18. Rfe1 Bd6 19. Ndf1 Rag8 20. Ng4 Nf4 21. Bxf4 Bxf4 22. Bf3 Rg5 23. Nfe3 Bd3 24. Rad1 b5 25. Nh2 Rg7 26. Nhf1 Ne7 27. Kh1 Rgg8 28. Bg4 Rd8 29. Be2 Bg6 30. Bf3 Nc8 31. Nd2 Nd6 32. Nef1 Bc2 33. Rc1 Bd3 34. Rcd1 b6 35. Bg4 Rde8 36. Ne3 Re7 37. Bf3 Rc7 38. Nef1 Bc2 39. Rc1 Bg6 40. Ne3 Nf5 41. Ndf1 Ra7 42. Rcd1 Nd6 43. Nd2 Rc8 44. Bg4 Rd8 45. Nef1 Re7 46. Ne3 Ra8 47. Kg1 Rg8 48. Ra1 Ne4 49. Ndf1 Ng5 50. Nd2 Kf8 51. Kh1 1/2-1/2

[Event "IECG TE.2004.P.01606 email"]
[Site "IECG email"]
[Date "2004.09.22"]
[Round "?"]
[White "Udot, Oleg"]
[Black "Woodward, Ian"]
[Result "1-0"]
[WhiteElo "1796"]
[BlackElo "1370"]
[PlyCount "53"]
[EventDate "2004.09.22"]
[EventType "tourn (corr)"]
[EventRounds "8"]
[SourceTitle "Corr 2008"]
[Source "ChessBase"]
[SourceDate "2008.06.24"]
[SourceVersion "1"]
[SourceVersionDate "2008.06.24"]
[SourceQuality "1"]

1. e4 c6 2. d4 d5 3. e5 Bf5 4. Be3 e6 5. Nd2 Nd7 6. Ngf3 c5 7. Bb5 a6 8. Bxd7+ Qxd7 9. dxc5 Qc7 10. Nb3 Ne7 11. 0-0 Nc6 12. Nbd4 Bg4 13. Nxc6 Qxc6 14. b4 Be7 15. c3 0-0 16. Nd4 Bxd1 17. Nxc6 bxc6 18. Rfxd1 Rfb8 19. a4 f6 20. Bd4 Kf7 21. f4 g5 22. exf6 Bxf6 23. fxg5 Bxg5 24. Rf1+ Ke7 25. Be5 Bd2 26. Bd6+ Kd7 27. Rf7+ 1-0

[Event "IECG TE.2004.P.01606 email"]
[Site "IECG email"]
[Date "2004.09.22"]
[Round "?"]
[White "Woodward, Ian"]
[Black "Udot, Oleg"]
[Result "0-1"]
[WhiteElo "1370"]
[BlackElo "1796"]
[PlyCount "62"]
[EventDate "2004.09.22"]
[EventType "tourn (corr)"]
[EventRounds "8"]
[SourceTitle "Corr 2008"]
[Source "ChessBase"]
[SourceDate "2008.06.24"]
[SourceVersion "1"]
[SourceVersionDate "2008.06.24"]
[SourceQuality "1"]

1. e4 c6 2. d4 d5 3. e5 c5 4. dxc5 Nc6 5. Bb5 e6 6. Be3 Nge7 7. Nf3 Nf5 8. Nd4 Nxe3 9. fxe3 Bd7 10. 0-0 Nxe5 11. Bxd7+ Qxd7 12. b4 Be7 13. Nd2 0-0 14. N2f3 Nc4 15. Qe2 a5 16. a3 e5 17. Nb3 Qg4 18. Nbd2 e4 19. Nxc4 exf3 20. Rxf3 Qxc4 21. Qxc4 dxc4 22. c3 axb4 23. cxb4 c3 24. Rf2 Bg5 25. Re2 Rfe8 26. Kf2 Ra6 27. Raa2 Rae6 28. Rac2 Bxe3+ 29. Kf3 Rf6+ 30. Kg3 Re5 31. h3 Bf4+ 0-1

[Event "CFriend AT-2004-0-00099 email"]
[Site "Chessfriend.com"]
[Date "2004.08.19"]
[Round "1"]
[White "Malvankar, Vikrant"]
[Black "Udot, Oleg"]
[Result "0-1"]
[WhiteElo "1751"]
[BlackElo "1908"]
[PlyCount "44"]
[EventDate "2004.??.??"]
[EventType "tourn (corr)"]
[EventRounds "2"]
[SourceTitle "Corr 2024"]
[Source "ChessBase"]
[SourceDate "2023.10.19"]
[SourceVersion "1"]
[SourceVersionDate "2023.10.19"]
[SourceQuality "1"]

1. e4 c6 2. d4 d5 3. Nc3 dxe4 4. Nxe4 Nd7 5. Bc4 Ngf6 6. Ng5 e6 7. Qe2 Nb6 8. Bb3 h6 9. Ne4 Qxd4 10. Ng3 Bb4+ 11. Kf1 Qd7 12. Bf4 Nfd5 13. Be5 f6 14. c3 Be7 15. Nf3 0-0 16. Bd4 c5 17. Be3 Nxe3+ 18. fxe3 Qc7 19. Rd1 c4 20. Bc2 f5 21. Kf2 Bc5 22. Ke1 Bd7 0-1

[Event "CFriend SI-2004-0-00024 email"]
[Site "Chessfriend.com"]
[Date "2004.08.02"]
[Round "1"]
[White "Sanchez Carol, Jesus"]
[Black "Udot, Oleg"]
[Result "1/2-1/2"]
[WhiteElo "1813"]
[BlackElo "1908"]
[PlyCount "71"]
[EventDate "2004.??.??"]
[EventType "tourn (corr)"]
[EventRounds "8"]
[SourceTitle "Corr 2008"]
[Source "ChessBase"]
[SourceDate "2008.06.24"]
[SourceVersion "1"]
[SourceVersionDate "2008.06.24"]
[SourceQuality "1"]

1. e4 c6 2. d4 d5 3. e5 Bf5 4. Nf3 e6 5. Be2 Ne7 6. c3 Ng6 7. Bd3 Bxd3 8. Qxd3 Be7 9. Be3 c5 10. 0-0 Nc6 11. a3 c4 12. Qe2 Qb6 13. Qc2 0-0 14. Nbd2 Na5 15. Rad1 Rfd8 16. Bg5 Bxg5 17. Nxg5 h6 18. Nh3 Nc6 19. Rfe1 Rac8 20. Re3 Nce7 21. Rg3 Qb5 22. Rb1 a5 23. Rg4 a4 24. Re1 Rc6 25. Nf4 Rb6 26. Rb1 Rc8 27. Nxg6 Nxg6 28. Rg3 Ra8 29. Qd1 Nh4 30. Qg4 Nf5 31. Rh3 Rd8 32. Qe2 Re8 33. Qd1 Rc8 34. Kh1 Ra8 35. Qh5 Ra7 36. Kg1 1/2-1/2

[Event "CFriend SI-2004-0-00024 email"]
[Site "Chessfriend.com"]
[Date "2004.08.02"]
[Round "1"]
[White "Udot, Oleg"]
[Black "Garibaldi, Lucio Manuel"]
[Result "1-0"]
[WhiteElo "1908"]
[BlackElo "1728"]
[PlyCount "61"]
[EventDate "2004.??.??"]
[EventType "tourn (corr)"]
[EventRounds "8"]
[SourceTitle "Corr 2008"]
[Source "ChessBase"]
[SourceDate "2008.06.24"]
[SourceVersion "1"]
[SourceVersionDate "2008.06.24"]
[SourceQuality "1"]

1. d4 d5 2. c4 e6 3. Nc3 c6 4. e3 Nf6 5. Nf3 Nbd7 6. Qc2 Bd6 7. Be2 0-0 8. 0-0 Re8 9. Rd1 Qe7 10. h3 h6 11. a3 dxc4 12. Bxc4 e5 13. Nh4 Nf8 14. dxe5 Bxe5 15. Bd3 Bc7 16. b3 Be6 17. Bb2 Rad8 18. Nf5 Bxf5 19. Bxf5 g6 20. Bd3 Qe5 21. g3 Qh5 22. Bf1 N8h7 23. Rxd8 Bxd8 24. h4 g5 25. Be2 g4 26. Bd3 Bc7 27. Ne2 Be5 28. Nf4 Bxf4 29. exf4 c5 30. Bf5 c4 31. bxc4 1-0